States with Two or More College Football Teams in the Power 5 - Statistics

General Stats
  • This quiz has been taken 239 times
  • The average score is 18 of 21
Answer Stats
# State % Correct
2 Oregan
97%
5 Texas
96%
4 California
95%
2 Michigan
95%
3 Florida
94%
2 Washington
94%
2 Alabama
91%
4 North Carolina
90%
2 South Carolina
90%
2 Georgia
89%
2 Oklahoma
86%
2 Arizona
84%
2 Indiana
83%
2 Kentucky
81%
2 Tennessee
80%
2 Illinois
79%
2 Kansas
78%
2 Virginia
78%
2 Mississippi
77%
2 Iowa
76%
2 Pennsylvania
76%
No matching quizzes found
Score Distribution
Percent of People with Each Score
Percentile by Number Answered
Your Score History
You have not taken this quiz